000 00752nam a22002177a 4500
008 150921b xxu||||| |||| 00| 0 eng d
020 _a0324314574
041 0 _aeng
080 _a658.4
100 1 _aBuller, Paul F.
245 1 0 _aManaging organizations and people :
_cPaul F. Buller, Randall S. Schuler.
246 3 0 _aCases in management, organizational behavior, and human resources
250 _a7th ed., modular ed.
260 _aMason, Ohio :
_bThomson/South-Western,
_c2006.
300 _a1 v. (various pagings) :
_bme il.;
_c26 cm.
650 0 _aOrganizim
650 0 _aSjellja
650 0 _aOrganizatë
700 1 _aSchuler, Randall S.
942 _2udc
_cBK
999 _c1149
_d1149